000 00402nam a22001697a 4500
999 _c11090
_d11090
003 OSt
008 220215b ||||| |||| 00| 0 eng d
020 _a9789352605224
082 _a004.678 KAI
100 _aKAMAL,Raj
245 _aInternet of Things:Architecture and Design Principles
250 _a6th
260 _aNew Delhi
_bTMH
_c2020
300 _a532
650 _aBCA
942 _2ddc
_cBK
_01